00280nam a22000977a 4500100002300000245007000023260004200093300000800135490001800143650002100161 aInush Kalana,U.L.D aIndication and Analysis of Limonene Percentage in Citrus Peel Oil aColombobInstitute of chemistryc2012 a46p aDessertations a Citrus Peel Oil